Test o kompozytorach - Statystyki

Ogólne statystyki
  • Ten quiz został rozwiązany 14 razy
  • Średni wynik to 5 z 6
Statystyki odpowiedzi
Zagadnienie Odpowiedź % Poprawnych
Skąd pochodził W.A.Mozart? Austria
93%
Niccolo Paganini był wybitnym... skrzypkiem
93%
W jakiej epoce tworzył J.S.Bach? barok
86%
Ilu było klasyków wiedeńskich? trzech
79%
Jaki kierunek obrał Klaudiusz Debussy? impresjonizm
71%
W jakiej epoce tworzył Henryk Wieniawswki? romantyzm
43%
Nie znaleziono quizów pasujących do podanych kryteriów
Rozkład punktacji
Procent ludzi z każdym wynikiem
Percentyl według liczby udzielonych odpowiedzi
Twoja historia wyników
Nie rozwiązałeś tego quizu